[Event "Gibraltar Chess Festival 2017 - Masters"]
[Site "Gibraltar ENG"]
[Date "2017.01.26"]
[Round "3.97"]
[White "Kantane, Anna"]
[Black "Amgalanbaatar, Ravdanlkhumbuu"]
[Result "1/2-1/2"]
[WhiteElo "2259"]
[BlackElo "1988"]
[PlyCount "63"]
[EventDate "2017.01.24"]
[EventType "swiss"]
[EventRounds "10"]
[EventCountry "ENG"]
[SourceTitle "Ajedrez en Madrid"]
[Source "lmi"]
[SourceDate "2017.01.24"]

1. e4 e6 2. d4 d5 3. Nc3 dxe4 4. Nxe4 Bd7 5. Nf3 Bc6 6. Ned2 Nd7 7. Bd3 Ngf6 8.
O-O Be7 9. Qe2 O-O 10. Rd1 b6 11. Nc4 Bb7 12. Nce5 Qc8 13. c4 Nxe5 14. dxe5 Nd7
15. Bc2 Rd8 16. h4 h6 17. Rd4 Bxf3 18. gxf3 h5 19. f4 g6 20. Rd3 Nf8 21. Rg3
Kh8 22. Bd2 Bc5 23. Kh2 Qd7 24. Bc3 Qe7 25. Rg5 Nh7 26. Rxh5 Rg8 27. Rg1 Qf8
28. Qe4 Rg7 29. Rh6 Rg8 30. Rh5 Rg7 31. Rh6 Rg8 32. Rh5 1/2-1/2

[Event "Gibraltar Chess Festival 2017 - Masters"]
[Site "Gibraltar ENG"]
[Date "2017.01.26"]
[Round "3.98"]
[White "Miracola, Giorgia"]
[Black "De Francesco, Klaus"]
[Result "0-1"]
[WhiteElo "1924"]
[BlackElo "2252"]
[PlyCount "72"]
[EventDate "2017.01.24"]
[EventType "swiss"]
[EventRounds "10"]
[EventCountry "ENG"]
[SourceTitle "Ajedrez en Madrid"]
[Source "lmi"]
[SourceDate "2017.01.24"]

1. e4 e6 2. d4 d5 3. Nc3 Nf6 4. e5 Nfd7 5. f4 c5 6. Nf3 Nc6 7. Ne2 Qb6 8. c3 f6
9. a3 Be7 10. b4 cxd4 11. cxd4 O-O 12. Nc3 fxe5 13. fxe5 Ndxe5 14. dxe5 Nxe5
15. Be2 Nxf3+ 16. Bxf3 Bh4+ 17. g3 Bf6 18. Qd3 Qd4 19. Kd2 Bg5+ 20. Ke2 Qxd3+
21. Kxd3 Rxf3+ 22. Ke2 Rxc3 23. Bxg5 Bd7 24. Bf4 Rac8 25. Rhc1 Rxc1 26. Rxc1
Rxc1 27. Bxc1 e5 28. Bb2 d4 29. Kd3 Kf7 30. Kc4 Ke6 31. g4 Kd6 32. h3 b5+ 33.
Kd3 Kd5 34. Bc1 e4+ 35. Ke2 Ke5 36. Bb2 h5 0-1

[Event "Gibraltar Chess Festival 2017 - Masters"]
[Site "Gibraltar ENG"]
[Date "2017.01.26"]
[Round "3.99"]
[White "Burke, Mitchell R"]
[Black "Galmandakh, Badrakh"]
[Result "0-1"]
[WhiteElo "1975"]
[BlackElo "2215"]
[PlyCount "98"]
[EventDate "2017.01.24"]
[EventType "swiss"]
[EventRounds "10"]
[EventCountry "ENG"]
[SourceTitle "Ajedrez en Madrid"]
[Source "lmi"]
[SourceDate "2017.01.24"]

1. e4 d6 2. d4 Nf6 3. Nc3 e5 4. Nf3 Nbd7 5. Bc4 Be7 6. O-O O-O 7. a4 c6 8. Re1
b6 9. Be3 Bb7 10. Bd3 a6 11. Nh4 g6 12. Nf3 Ng4 13. Bd2 Bh4 14. g3 Bf6 15. dxe5
Ngxe5 16. Nxe5 dxe5 17. Bh6 Re8 18. Ne2 a5 19. Bc4 Qe7 20. c3 Nc5 21. Qc2 Red8
22. Red1 Rd7 23. Rxd7 Qxd7 24. Be3 Qe7 25. Rd1 Nxa4 26. Qxa4 b5 27. Qa2 bxc4
28. Qxc4 Qc7 29. Qb3 Ba6 30. Nc1 Rb8 31. Qc2 Bc4 32. b3 Be6 33. f3 h5 34. c4 a4
35. bxa4 Rb4 36. c5 Rc4 37. Qb2 Rxa4 38. Qb6 Qc8 39. Nd3 Ra3 40. Qb2 Qa6 41.
Qd2 Qc4 42. Nb4 Rxe3 43. Qxe3 Qxb4 44. Qf2 Bg5 45. h4 Bh6 46. Kg2 Qa3 47. Re1
Kh7 48. Re2 Bc4 49. Rc2 Qd3 0-1

[Event "Gibraltar Chess Festival 2017 - Masters"]
[Site "Gibraltar ENG"]
[Date "2017.01.26"]
[Round "3.100"]
[White "Slinger, Tony J"]
[Black "Villar Reymundo, Juan Antonio"]
[Result "0-1"]
[WhiteElo "1911"]
[BlackElo "2212"]
[PlyCount "144"]
[EventDate "2017.01.24"]
[EventType "swiss"]
[EventRounds "10"]
[EventCountry "ENG"]
[SourceTitle "Ajedrez en Madrid"]
[Source "lmi"]
[SourceDate "2017.01.24"]

1. e4 c5 2. Nf3 Nc6 3. Bb5 g6 4. Bxc6 dxc6 5. O-O Bg7 6. h3 e5 7. d3 Ne7 8. Be3
b6 9. a4 a5 10. Na3 O-O 11. Nc4 Qc7 12. Qd2 Rd8 13. Bh6 Bh8 14. Qe2 f6 15. Bd2
Be6 16. b3 g5 17. Kh2 Rab8 18. Rab1 Ng6 19. g3 Bf7 20. Ng1 Bg7 21. Qe1 h5 22.
Nxb6 Qxb6 23. Bxa5 Qa7 24. Bxd8 Rxd8 25. Qe3 Bf8 26. Ra1 Qa5 27. Qe1 Qa6 28.
Qe3 Be7 29. a5 Nf8 30. Ne2 Ne6 31. Kg2 Bd6 32. Ra4 Kh7 33. Rfa1 Bf8 34. Qd2 Bg6
35. Qe1 Bd6 36. Qb1 f5 37. f3 fxe4 38. fxe4 Rf8 39. Qg1 Be7 40. Rf1 Ra8 41. Qe3
Qc8 42. Rfa1 Ra6 43. Qd2 Bd6 44. Rf1 Kg7 45. Qe3 Qd8 46. Rfa1 Bf7 47. Qf2 Nf8
48. Ng1 Be6 49. Qe2 Bf7 50. d4 Qc8 51. dxc5 Bxc5 52. Qd2 g4 53. Qg5+ Ng6 54.
Rf1 Be7 55. Qd2 gxh3+ 56. Nxh3 Be6 57. Rh1 c5 58. Nf2 h4 59. c4 Qc6 60. Qe3 Qc7
61. Qd2 Bf6 62. Ra2 Qe7 63. gxh4 Bxh4 64. Kf1 Bc8 65. Qe3 Rf6 66. Rh2 Bg5 67.
Qc3 Qd7 68. Ke1 Nh4 69. Rxh4 Bxh4 70. Qxe5 Kg6 71. Qxc5 Qh3 72. b4 Qh1+ 0-1

[Event "Gibraltar Chess Festival 2017 - Masters"]
[Site "Gibraltar ENG"]
[Date "2017.01.26"]
[Round "3.101"]
[White "Minnema, Rens"]
[Black "Herbold, Manfred"]
[Result "1/2-1/2"]
[WhiteElo "1893"]
[BlackElo "2198"]
[PlyCount "118"]
[EventDate "2017.01.24"]
[EventType "swiss"]
[EventRounds "10"]
[EventCountry "ENG"]
[SourceTitle "Ajedrez en Madrid"]
[Source "lmi"]
[SourceDate "2017.01.24"]

1. e4 d6 2. d4 Nf6 3. Nc3 Nbd7 4. Be3 e5 5. Nf3 Be7 6. h3 c6 7. Be2 h6 8. O-O
Qc7 9. a4 a5 10. Nh2 g5 11. Ng4 Nf8 12. dxe5 dxe5 13. Nxf6+ Bxf6 14. Bg4 Ne6
15. Qd3 h5 16. Bf5 Nd4 17. Bxc8 Rxc8 18. Bxd4 exd4 19. Ne2 c5 20. f4 g4 21. e5
Be7 22. Rae1 c4 23. Qe4 gxh3 24. gxh3 Qb6 25. Kh1 Rd8 26. Rd1 Bc5 27. f5 Qc6
28. Ng3 h4 29. Qxc6+ bxc6 30. Ne4 Be7 31. f6 Bf8 32. Rde1 Rd5 33. Nd6+ Bxd6 34.
exd6+ Kf8 35. Re7 Rxd6 36. Rc7 Rd8 37. Rxc6 d3 38. Rxc4 dxc2 39. Rxc2 Rh5 40.
Rc7 Rhd5 41. Rf4 Rg5 42. Rd4 Re8 43. Rg4 Rxg4 44. hxg4 Kg8 45. Rc5 Re2 46. Rxa5
Rxb2 47. Rh5 Ra2 48. a5 Rf2 49. Rf5 Ra2 50. Rg5+ Kf8 51. Rh5 Ke8 52. Rxh4 Rxa5
53. Rh5 Ra4 54. Re5+ Kf8 55. Rh5 Rxg4 56. Rh8+ Rg8 57. Rh5 Rg6 58. Rh8+ Rg8 59.
Rh5 Rg6 1/2-1/2

[Event "Gibraltar Chess Festival 2017 - Masters"]
[Site "Gibraltar ENG"]
[Date "2017.01.26"]
[Round "3.102"]
[White "Christophe-Hayot, Romain"]
[Black "Semprun Martinez, Fernando"]
[Result "0-1"]
[WhiteElo "1784"]
[BlackElo "2174"]
[PlyCount "96"]
[EventDate "2017.01.24"]
[EventType "swiss"]
[EventRounds "10"]
[EventCountry "ENG"]
[SourceTitle "Ajedrez en Madrid"]
[Source "lmi"]
[SourceDate "2017.01.24"]

1. e4 c5 2. Nf3 d6 3. Bb5+ Nd7 4. O-O a6 5. Bxd7+ Bxd7 6. d4 cxd4 7. Nxd4 Nf6
8. Nc3 e5 9. Nb3 Be7 10. Qd3 h6 11. Rb1 O-O 12. f3 Rc8 13. Be3 Be6 14. Nd2 d5
15. exd5 Nxd5 16. Nxd5 Qxd5 17. b3 Qxd3 18. cxd3 Rfd8 19. Rbc1 Rxc1 20. Rxc1
Rxd3 21. Kf2 f5 22. Ke2 Rd7 23. Nc4 Bxc4+ 24. Rxc4 Kf7 25. g3 Ke6 26. Rc8 Bd6
27. Bb6 Kd5 28. h3 e4 29. fxe4+ Kxe4 30. Rc4+ Kd5 31. Kf3 Re7 32. Bf2 Rc7 33.
Rd4+ Ke6 34. Rd3 Rc2 35. a4 Be5 36. Be1 g5 37. Bd2 Rc6 38. Bb4 h5 39. g4 hxg4+
40. hxg4 fxg4+ 41. Kxg4 Bf4 42. Be1 Rc1 43. Bf2 Rc2 44. Kf3 Rd2 45. Rc3 Be5 46.
Re3 Kf5 47. Kg2 Rxf2+ 48. Kxf2 Bd4 0-1

[Event "Gibraltar Chess Festival 2017 - Masters"]
[Site "Gibraltar ENG"]
[Date "2017.01.26"]
[Round "3.103"]
[White "Boerkamp, Harry"]
[Black "Kulkarni, Rakesh"]
[Result "0-1"]
[WhiteElo "1955"]
[BlackElo "2344"]
[PlyCount "66"]
[EventDate "2017.01.24"]
[EventType "swiss"]
[EventRounds "10"]
[EventCountry "ENG"]
[SourceTitle "Ajedrez en Madrid"]
[Source "lmi"]
[SourceDate "2017.01.24"]

1. e4 c5 2. d4 cxd4 3. c3 Nf6 4. e5 Nd5 5. Bc4 Qc7 6. Qe2 Nb6 7. Bb3 d5 8. exd6
Qxd6 9. Nf3 d3 10. Qe4 N8d7 11. Bf4 Nc5 12. Qe3 Qf6 13. Bg5 Qf5 14. Nd4 Qe4 15.
Nd2 Qxg2 16. O-O-O Nxb3+ 17. N2xb3 Nc4 18. Qg3 Qxg3 19. hxg3 f6 20. Be3 Nxe3
21. fxe3 Bg4 22. Rxd3 O-O-O 23. Rd2 e5 24. Ne2 Be7 25. Rhd1 f5 26. Rxd8+ Rxd8
27. Re1 Bg5 28. Ng1 f4 29. exf4 exf4 30. gxf4 Bxf4+ 31. Kb1 h5 32. Nd4 h4 33.
Re4 g5 0-1

[Event "Gibraltar Chess Festival 2017 - Masters"]
[Site "Gibraltar ENG"]
[Date "2017.01.26"]
[Round "3.104"]
[White "Bellon Lopez, Juan Manuel"]
[Black "Cramling Bellon, Anna"]
[Result "1/2-1/2"]
[WhiteElo "2339"]
[BlackElo "1954"]
[PlyCount "64"]
[EventDate "2017.01.24"]
[EventType "swiss"]
[EventRounds "10"]
[EventCountry "ENG"]
[SourceTitle "Ajedrez en Madrid"]
[Source "lmi"]
[SourceDate "2017.01.24"]

1. d4 d5 2. c4 dxc4 3. Nf3 Nf6 4. e3 e6 5. Bxc4 a6 6. O-O b5 7. Be2 c5 8. dxc5
Qxd1 9. Rxd1 Bxc5 10. a3 Bb7 11. b4 Bb6 12. Bb2 Nc6 13. h3 Ke7 14. Nbd2 Rhd8
15. Nb3 Rxd1+ 16. Rxd1 Rd8 17. Rxd8 Kxd8 18. Nbd4 Kd7 19. Nxc6 Bxc6 20. Bd4
Bxd4 21. Nxd4 Bd5 22. Bd3 e5 23. Ne2 Be4 24. Nc1 Kc6 25. f3 Bxd3 26. Nxd3 Nd7
27. e4 f6 28. Kf2 Kd6 29. Ke2 h6 30. h4 g5 31. hxg5 hxg5 32. Kf2 Ke6 1/2-1/2

[Event "Gibraltar Chess Festival 2017 - Masters"]
[Site "Gibraltar ENG"]
[Date "2017.01.26"]
[Round "3.105"]
[White "Piasetski, Leon"]
[Black "Obiamiwe, Paul"]
[Result "1-0"]
[WhiteElo "2327"]
[BlackElo "1926"]
[PlyCount "107"]
[EventDate "2017.01.24"]
[EventType "swiss"]
[EventRounds "10"]
[EventCountry "ENG"]
[SourceTitle "Ajedrez en Madrid"]
[Source "lmi"]
[SourceDate "2017.01.24"]

1. c4 Nf6 2. Nc3 g6 3. e4 d6 4. d4 Bg7 5. h3 Nbd7 6. Bd3 e5 7. d5 Nc5 8. Bc2 a5
9. Be3 Bd7 10. Nf3 b6 11. a3 a4 12. Nd2 O-O 13. Bxc5 bxc5 14. Bxa4 Nh5 15. Bxd7
Qxd7 16. g3 Rfb8 17. Nb5 c6 18. dxc6 Qxc6 19. O-O Bf8 20. Qc2 Ng7 21. Nb1 Ne6
22. N1c3 Nd4 23. Nxd4 exd4 24. Nd5 Rb7 25. b4 Bg7 26. Qd3 Qc8 27. Kg2 f5 28.
Rfe1 fxe4 29. Qxe4 Kh8 30. Rad1 Qf5 31. Qxf5 gxf5 32. Rd3 h6 33. Re7 Rxe7 34.
Nxe7 f4 35. Ng6+ Kg8 36. Nxf4 cxb4 37. axb4 Rc8 38. Rb3 Rxc4 39. b5 Rc3 40. Rb1
Rc8 41. b6 Rb8 42. b7 Kf7 43. Nd5 d3 44. Kf1 Bd4 45. Nc7 Ba7 46. Na6 Re8 47.
Re1 Rd8 48. Rd1 Ke7 49. Rxd3 Kd7 50. Rc3 Bb8 51. f4 d5 52. Rc8 Bxf4 53. Rxd8+
Kxd8 54. gxf4 1-0

[Event "Gibraltar Chess Festival 2017 - Masters"]
[Site "Gibraltar ENG"]
[Date "2017.01.26"]
[Round "3.106"]
[White "De Haan, Eric"]
[Black "Robson, Paul E"]
[Result "1-0"]
[WhiteElo "2319"]
[BlackElo "1897"]
[PlyCount "49"]
[EventDate "2017.01.24"]
[EventType "swiss"]
[EventRounds "10"]
[EventCountry "ENG"]
[SourceTitle "Ajedrez en Madrid"]
[Source "lmi"]
[SourceDate "2017.01.24"]

1. d4 Nf6 2. c4 c5 3. d5 b5 4. cxb5 a6 5. bxa6 g6 6. Nc3 Bg7 7. e4 d6 8. Nf3
Qa5 9. Bb5+ Kf8 10. Bd3 Bxa6 11. O-O Nbd7 12. Bxa6 Qxa6 13. h3 Ne8 14. Bf4 Nc7
15. Re1 f6 16. a4 Kf7 17. Qc2 Rhb8 18. Rab1 c4 19. Be3 Rb4 20. Nd4 Ne5 21. Red1
Qb7 22. f4 Nd7 23. Nc6 Rb3 24. Bd4 Nb8 25. Nd8+ 1-0

[Event "Gibraltar Chess Festival 2017 - Masters"]
[Site "Gibraltar ENG"]
[Date "2017.01.26"]
[Round "3.107"]
[White "Bannink, Bernard"]
[Black "Ramirez Leyva, Freddy"]
[Result "1-0"]
[WhiteElo "2244"]
[BlackElo "1862"]
[PlyCount "117"]
[EventDate "2017.01.24"]
[EventType "swiss"]
[EventRounds "10"]
[EventCountry "ENG"]
[SourceTitle "Ajedrez en Madrid"]
[Source "lmi"]
[SourceDate "2017.01.24"]

1. d4 Nf6 2. Bg5 d5 3. Bxf6 exf6 4. e3 Be6 5. Nd2 Bd6 6. Ne2 O-O 7. g3 Nd7 8.
Bg2 f5 9. c4 Nf6 10. O-O c6 11. Rc1 dxc4 12. Nxc4 Bc7 13. Qc2 g6 14. b3 Bd5 15.
Nc3 Bxg2 16. Kxg2 Re8 17. Rfd1 Nd5 18. Kg1 Rc8 19. Qd3 Bb8 20. Qf1 Rc7 21. Nxd5
Qxd5 22. Qg2 Rd7 23. Nb2 Qxg2+ 24. Kxg2 Rd5 25. Na4 Re7 26. Rc2 Kg7 27. Rdc1
Bd6 28. Nc3 Ra5 29. a4 Ba3 30. Rb1 Bb4 31. Ne2 Rd7 32. Nf4 Be7 33. Nd3 Rad5 34.
b4 Bf8 35. b5 cxb5 36. axb5 Bd6 37. Rc8 Bf8 38. Ra8 b6 39. Ne5 Rb7 40. Nc6 Rdd7
41. Ra1 Rd5 42. Nxa7 g5 43. Rb1 f4 44. Nc6 fxe3 45. fxe3 f5 46. h3 h5 47. g4
hxg4 48. hxg4 Bd6 49. Rd8 Kg6 50. Nb4 Bxb4 51. Rxd5 Bd2 52. gxf5+ Kh5 53. Rd1
Bb4 54. Kf3 Kh6 55. e4 Rc7 56. Rh1+ Kg7 57. e5 Bd2 58. Kg4 Bf4 59. Rh5 1-0

[Event "Gibraltar Chess Festival 2017 - Masters"]
[Site "Gibraltar ENG"]
[Date "2017.01.26"]
[Round "3.108"]
[White "Byron, Alan M"]
[Black "Gluckman, Paul"]
[Result "1/2-1/2"]
[WhiteElo "2110"]
[BlackElo "1831"]
[PlyCount "156"]
[EventDate "2017.01.24"]
[EventType "swiss"]
[EventRounds "10"]
[EventCountry "ENG"]
[SourceTitle "Ajedrez en Madrid"]
[Source "lmi"]
[SourceDate "2017.01.24"]

1. e4 c5 2. Nf3 Nc6 3. d4 cxd4 4. Nxd4 Nf6 5. Nc3 e5 6. Ndb5 d6 7. Bg5 a6 8.
Na3 b5 9. Nd5 Be7 10. Bxf6 Bxf6 11. c3 O-O 12. Nc2 Bg5 13. Nce3 Bxe3 14. Nxe3
Ne7 15. a4 Bb7 16. Nd5 Nxd5 17. exd5 Qg5 18. h4 Qg6 19. Rh2 Qe4+ 20. Qe2 Qxd5
21. Rd1 Qb3 22. axb5 d5 23. Rh3 Qa4 24. h5 h6 25. Rg3 axb5 26. Rg4 d4 27. Qxb5
Bc6 28. Qxa4 Bxa4 29. Rc1 Rfc8 30. Rg3 Rab8 31. Ra1 Rxb2 32. Ba6 Rxc3 33. Rxc3
dxc3 34. Rxa4 Rb1+ 35. Ke2 c2 36. Bd3 c1=N+ 37. Kd2 Nxd3 38. Kxd3 Rb7 39. Ra8+
Kh7 40. Rd8 f6 41. g4 Rb3+ 42. Ke2 Rb7 43. f3 g6 44. hxg6+ Kxg6 45. Rg8+ Rg7
46. Rf8 Rh7 47. Rg8+ Rg7 48. Rf8 Kg5 49. Ke3 Rg6 50. Rh8 Kh4 51. Ke4 Kg5 52.
Rf8 Rg7 53. Rh8 Kg6 54. Rf8 Ra7 55. Rg8+ Kf7 56. Rh8 Ra4+ 57. Ke3 Kg7 58. Rb8
Ra3+ 59. Ke4 Ra4+ 60. Ke3 Ra1 61. Ke4 Kg6 62. Rg8+ Kf7 63. Rb8 Rf1 64. Ra8 Rf2
65. Ke3 Rb2 66. Ke4 Rb4+ 67. Ke3 Kg7 68. Rc8 Rf4 69. Rb8 f5 70. gxf5 Rxf5 71.
Rb1 Rf4 72. Rg1+ Kf7 73. Ra1 Kg6 74. Rg1+ Kh7 75. Rh1 Ra4 76. Rh5 Ra5 77. Ke4
Ra4+ 78. Ke3 Ra3+ 1/2-1/2

[Event "Gibraltar Chess Festival 2017 - Masters"]
[Site "Gibraltar ENG"]
[Date "2017.01.26"]
[Round "3.109"]
[White "Van Kemenade, Rudy"]
[Black "Haussernot, Cecile"]
[Result "0-1"]
[WhiteElo "1955"]
[BlackElo "2108"]
[PlyCount "100"]
[EventDate "2017.01.24"]
[EventType "swiss"]
[EventRounds "10"]
[EventCountry "ENG"]
[SourceTitle "Ajedrez en Madrid"]
[Source "lmi"]
[SourceDate "2017.01.24"]

1. e4 c5 2. Nf3 d6 3. Bb5+ Nd7 4. O-O a6 5. Bd3 Ngf6 6. c3 b5 7. a4 b4 8. Bc2
Bb7 9. d3 e6 10. Nbd2 Be7 11. Re1 O-O 12. h3 Qc7 13. Nf1 Ne8 14. Bg5 Bxg5 15.
Nxg5 h6 16. Nf3 d5 17. e5 d4 18. cxd4 Bxf3 19. Qxf3 Rc8 20. Bb3 cxd4 21. Rac1
Nc5 22. Rc2 Qd7 23. Qd1 Nxb3 24. Rxc8 Qxc8 25. Qxb3 Qc5 26. Qc4 Qa5 27. b3 Nc7
28. Qxd4 Nd5 29. Nd2 Rd8 30. Nc4 Qc7 31. Qg4 Qc5 32. d4 Qa7 33. Rd1 Nc3 34. Rd3
Rxd4 35. Rxd4 Qxd4 36. Qf3 Ne4 37. g3 Ng5 38. Qa8+ Kh7 39. Kg2 Ne4 40. Ne3 Qxe5
41. Qxa6 Qb2 42. Qf1 Qxb3 43. a5 Qa2 44. a6 b3 45. a7 f5 46. Nd1 Qxa7 47. f3
Qa2+ 48. Kg1 Nxg3 49. Qd3 Qc2 50. Qd6 f4 0-1

[Event "Gibraltar Chess Festival 2017 - Masters"]
[Site "Gibraltar ENG"]
[Date "2017.01.26"]
[Round "3.110"]
[White "Seraoui, Mohcen"]
[Black "Lochte, Szilvia"]
[Result "1-0"]
[WhiteElo "2100"]
[BlackElo "1829"]
[PlyCount "73"]
[EventDate "2017.01.24"]
[EventType "swiss"]
[EventRounds "10"]
[EventCountry "ENG"]
[SourceTitle "Ajedrez en Madrid"]
[Source "lmi"]
[SourceDate "2017.01.24"]

1. e4 c5 2. Nf3 e6 3. c3 d5 4. exd5 Qxd5 5. d4 Nf6 6. Bd3 Nc6 7. O-O cxd4 8.
cxd4 Be7 9. Nc3 Qd8 10. a3 O-O 11. Bc2 Qa5 12. Qd3 b6 13. Ne4 g6 14. b4 Qd5 15.
Nc3 Qd7 16. b5 Na5 17. Ne5 Qc7 18. Bf4 Bd6 19. Rac1 Nc4 20. Qxc4 Qxc4 21. Nxc4
Bxf4 22. Ne3 Bb7 23. Ne2 Bd6 24. a4 Rac8 25. Bb3 Ne4 26. Nc4 Be7 27. f3 Nd6 28.
Ne5 Nf5 29. Nc6 Bf6 30. Rfd1 a6 31. Ng3 Bxc6 32. Nxf5 Bb7 33. Nd6 Rxc1 34. Rxc1
Bxd4+ 35. Kf1 Bd5 36. Bxd5 exd5 37. bxa6 1-0

[Event "Gibraltar Chess Festival 2017 - Masters"]
[Site "Gibraltar ENG"]
[Date "2017.01.26"]
[Round "3.111"]
[White "Tranter, Stephen"]
[Black "Agbabishvili, Lali"]
[Result "0-1"]
[WhiteElo "1950"]
[BlackElo "2095"]
[PlyCount "50"]
[EventDate "2017.01.24"]
[EventType "swiss"]
[EventRounds "10"]
[EventCountry "ENG"]
[SourceTitle "Ajedrez en Madrid"]
[Source "lmi"]
[SourceDate "2017.01.24"]

1. e4 c5 2. Nf3 d6 3. Bb5+ Nd7 4. O-O a6 5. Bxd7+ Bxd7 6. d4 cxd4 7. Qxd4 e5 8.
Qd3 Rc8 9. b3 Be7 10. Rd1 Qc7 11. c4 b5 12. Na3 Qb7 13. Bg5 f6 14. Bh4 d5 15.
cxb5 axb5 16. Nxb5 Bxb5 17. Qxd5 Qxd5 18. exd5 Kd7 19. Bg3 Be2 20. Rd2 Bxf3 21.
gxf3 Bd6 22. a4 Ra8 23. Rb2 Ne7 24. b4 Rhb8 25. b5 Nxd5 0-1

[Event "Gibraltar Chess Festival 2017 - Masters"]
[Site "Gibraltar ENG"]
[Date "2017.01.26"]
[Round "3.112"]
[White "Compton, Alistair"]
[Black "Winter, Kevin"]
[Result "1-0"]
[WhiteElo "2094"]
[BlackElo "1818"]
[PlyCount "75"]
[EventDate "2017.01.24"]
[EventType "swiss"]
[EventRounds "10"]
[EventCountry "ENG"]
[SourceTitle "Ajedrez en Madrid"]
[Source "lmi"]
[SourceDate "2017.01.24"]

1. e4 d6 2. d4 Nf6 3. f3 Nbd7 4. Be3 e5 5. d5 g6 6. Qd2 c6 7. c4 cxd5 8. cxd5
Nc5 9. Nc3 a6 10. b4 Ncd7 11. Rc1 Bg7 12. a4 O-O 13. a5 Ne8 14. Bd3 f5 15. Nge2
f4 16. Bf2 g5 17. Na4 Qf6 18. Rc2 Qg6 19. b5 g4 20. bxa6 g3 21. hxg3 fxg3 22.
Nxg3 bxa6 23. Rh2 Rb8 24. Nf5 Qf7 25. g4 Ndf6 26. Nb6 Bxf5 27. exf5 e4 28. Bxe4
Nxe4 29. fxe4 Nf6 30. Qf4 Nxe4 31. Rh3 Rfe8 32. Kf1 Qf6 33. Kg2 Nxf2 34. Rxf2
Qa1 35. f6 Re1 36. f7+ Kh8 37. Rxh7+ Kxh7 38. Qf5+ 1-0

[Event "Gibraltar Chess Festival 2017 - Masters"]
[Site "Gibraltar ENG"]
[Date "2017.01.26"]
[Round "3.113"]
[White "Koes, Richard"]
[Black "Korning, Peter"]
[Result "0-1"]
[WhiteElo "1830"]
[BlackElo "2080"]
[PlyCount "55"]
[EventDate "2017.01.24"]
[EventType "swiss"]
[EventRounds "10"]
[EventCountry "ENG"]
[SourceTitle "Ajedrez en Madrid"]
[Source "lmi"]
[SourceDate "2017.01.24"]

1. e4 e5 2. Nf3 Nc6 3. Bc4 Nf6 4. d3 Bc5 5. O-O d6 6. c3 a6 7. a4 Ba7 8. Na3 h6
9. Nc2 O-O 10. Be3 Ne7 11. Bxa7 Rxa7 12. Ne3 c6 13. Qc2 d5 14. Bb3 Ng6 15. exd5
Nxd5 16. d4 exd4 17. cxd4 Be6 18. a5 Ra8 19. Nc4 Qf6 20. Rfe1 Rad8 21. Rad1
Ndf4 22. Ne3 Nh3+ 23. Kf1 Nh4 24. d5 Nxf3 25. gxf3 cxd5 26. Bxd5 Bxd5 27. Nxd5
Qg5 28. Ne3 0-1

[Event "Gibraltar Chess Festival 2017 - Masters"]
[Site "Gibraltar ENG"]
[Date "2017.01.26"]
[Round "3.114"]
[White "Gravett, Alan D"]
[Black "Kozarcanin, Sead"]
[Result "1-0"]
[WhiteElo "1820"]
[BlackElo "2069"]
[PlyCount "61"]
[EventDate "2017.01.24"]
[EventType "swiss"]
[EventRounds "10"]
[EventCountry "ENG"]
[SourceTitle "Ajedrez en Madrid"]
[Source "lmi"]
[SourceDate "2017.01.24"]

1. Nf3 d5 2. g3 Nf6 3. c4 c6 4. cxd5 cxd5 5. Bg2 Nc6 6. d4 Bf5 7. O-O e6 8. Qb3
a6 9. Bd2 b5 10. a4 b4 11. a5 Rb8 12. Rc1 Nxa5 13. Qa4+ Rb5 14. Bf1 Nd7 15. e4
Nc4 16. Bxc4 dxc4 17. exf5 c3 18. bxc3 b3 19. Na3 b2 20. Nxb5 bxc1=Q+ 21. Bxc1
axb5 22. Qxb5 Bd6 23. Qc6 Qc7 24. Ra8+ Ke7 25. Qxc7 Rxa8 26. Qb7 Rb8 27. Qe4 h6
28. fxe6 fxe6 29. Qg6 Rg8 30. c4 Nf8 31. Qe4 1-0

[Event "Gibraltar Chess Festival 2017 - Masters"]
[Site "Gibraltar ENG"]
[Date "2017.01.26"]
[Round "3.115"]
[White "Hewson, Brian Wr"]
[Black "Murray, J Stephen"]
[Result "1-0"]
[WhiteElo "2055"]
[BlackElo "1789"]
[PlyCount "43"]
[EventDate "2017.01.24"]
[EventType "swiss"]
[EventRounds "10"]
[EventCountry "ENG"]
[SourceTitle "Ajedrez en Madrid"]
[Source "lmi"]
[SourceDate "2017.01.24"]

1. d4 Nf6 2. c4 e6 3. Nf3 d5 4. g3 Be7 5. Bg2 O-O 6. O-O dxc4 7. Qc2 a6 8. a4
Bd7 9. Nc3 Bc6 10. e4 Nbd7 11. Rd1 b5 12. d5 exd5 13. Nd4 Bb7 14. exd5 bxa4 15.
Nc6 Qe8 16. Nxe7+ Qxe7 17. d6 cxd6 18. Bxb7 Ra7 19. Bg2 Nc5 20. Be3 Rc7 21. Bg5
Qe5 22. Bf4 1-0

[Event "Gibraltar Chess Festival 2017 - Masters"]
[Site "Gibraltar ENG"]
[Date "2017.01.26"]
[Round "3.116"]
[White "Feldbacher, Harald"]
[Black "Ford, Clifton P"]
[Result "1/2-1/2"]
[WhiteElo "2050"]
[BlackElo "1781"]
[PlyCount "59"]
[EventDate "2017.01.24"]
[EventType "swiss"]
[EventRounds "10"]
[EventCountry "ENG"]
[SourceTitle "Ajedrez en Madrid"]
[Source "lmi"]
[SourceDate "2017.01.24"]

1. d4 Nf6 2. Nf3 e6 3. c4 b6 4. a3 Bb7 5. Nc3 d5 6. g3 Be7 7. Bg2 O-O 8. b3
Nbd7 9. O-O a6 10. Bb2 c5 11. e3 Rc8 12. Ne5 cxd4 13. exd4 Rc7 14. cxd5 Nxd5
15. Nxd5 Bxd5 16. Bxd5 exd5 17. Qd3 Qa8 18. Rfe1 Nf6 19. Re2 Bd6 20. Rae1 Qc8
21. f3 h5 22. Kg2 Nh7 23. h4 Re8 24. b4 b5 25. f4 Nf6 26. Nf3 Rxe2+ 27. Rxe2
Ne4 28. Ng5 Nf6 29. Kf2 g6 30. Kg2 1/2-1/2

[Event "Gibraltar Chess Festival 2017 - Masters"]
[Site "Gibraltar ENG"]
[Date "2017.01.26"]
[Round "3.117"]
[White "Berrocal Ruiz, Valentin"]
[Black "Robles, Bryan"]
[Result "1-0"]
[WhiteElo "2042"]
[BlackElo "1711"]
[PlyCount "71"]
[EventDate "2017.01.24"]
[EventType "swiss"]
[EventRounds "10"]
[EventCountry "ENG"]
[SourceTitle "Ajedrez en Madrid"]
[Source "lmi"]
[SourceDate "2017.01.24"]

1. Nf3 Nf6 2. c4 e6 3. d4 b6 4. g3 Bb7 5. Bg2 Bb4+ 6. Bd2 Bxd2+ 7. Nbxd2 O-O 8.
O-O d6 9. Qc2 d5 10. Rac1 Na6 11. Rfd1 c5 12. a3 Qe7 13. dxc5 Nxc5 14. cxd5
Bxd5 15. b4 Nce4 16. Ne5 Nxd2 17. Rxd2 Bxg2 18. Kxg2 Qb7+ 19. Qc6 Qa6 20. Qf3
Qb5 21. Nc4 h6 22. Nd6 Qg5 23. Rcd1 Rad8 24. Nxf7 Qxd2 25. Rxd2 Rxd2 26. Ne5
Rd5 27. Ng6 Rf7 28. Nf4 Nd7 29. Qb3 Rdf5 30. Qxe6 Nf8 31. Qb3 Kh8 32. e4 R5f6
33. e5 Rf5 34. e6 Re7 35. Qd3 Rf6 36. Qd8 1-0